Normal view
MARC view
- COOK, JESE S,CHAPANIS, ALPHONSE,MORGAN, CLIFFORD T
Entry Personal Name
001 - CONTROL NUMBER
- control field: 58442
003 - CONTROL NUMBER IDENTIFIER
- control field: NUST
005 - DATE AND TIME OF LATEST TRANSACTION
- control field: 20210628202138.0
008 - FIXED-LENGTH DATA ELEMENTS
- fixed length control field: 210628|| aca||aabn | a|a d
040 ## - CATALOGING SOURCE
- Original cataloging agency: NUST
- Transcribing agency: NUST
100 ## - HEADING--PERSONAL NAME
- Personal name: COOK, JESE S,CHAPANIS, ALPHONSE,MORGAN, CLIFFORD T
670 ## - SOURCE DATA FOUND
- Source citation: Work cat.: (NUST): COOK, JESE S,CHAPANIS, ALPHONSE,MORGAN, CLIFFORD T, HUMAN ENGINEERING GUIDE TO EQUIPMENT DESIGN
